| 000 | 00611nam a2200181 i 4500 | ||
|---|---|---|---|
| 001 | 63304 | ||
| 003 | ES-MaACL | ||
| 007 | t| | ||
| 008 | 031209s1982 sp ||||1| spa d | ||
| 100 | 1 |
_aFernández Ubiña, José. _950130 |
|
| 245 | 1 | 3 |
_aLa crisis del siglo III y el fin del Mundo Antiguo / _cJosé Fernández Ubiña. |
| 260 |
_a[Madrid] : _bAkal, _c[1982] |
||
| 300 |
_a134 p. : _bil. ; _c22 cm. |
||
| 490 | 1 |
_aAkal universitaria. Serie Historia Antigua ; _v26 |
|
| 830 | 0 | 0 |
_aAkal universitaria. _pHistoria antigua _v26 _9233059 |
| 852 |
_aES-MaACL _jL-4116 _bR.104026 |
||
| 999 |
_c63304 _d63304 |
||